[Event "6th Parsvnath Open"]
[Site "New Delhi IND"]
[Date "2008.01.19"]
[Round "9"]
[White "Zakurdjaeva, I."]
[Black "Vinoth, K."]
[Result "0-1"]
[WhiteElo "2332"]
[BlackElo "2166"]
[PlyCount "72"]
[EventDate "2008.01.13"]
[Source "www.chesslib.no"]
[SourceDate "2004.05.04"]

1. e4 e6 2. d4 d5 3. e5 c5 4. dxc5 Nd7 5. Nf3 Bxc5 6. Bd3 Ne7 7. O-O Ng6 8. Qe2 a6 9. Be3 Qc7 10. Bxc5 Nxc5 11. Nbd2 f6 12. Bxg6+ hxg6 13. c4 f5 14. Rac1 Qe7 15. Qe3 Ne4 16. cxd5 exd5 17. Qb6 O-O 18. Qxg6 a5 19. Qb6 Ra6 20. Qd4 Be6 21. Rc2 g5 22. Rfc1 Qg7 23. Rc7 Qh6 24. Nxe4 fxe4 25. Nd2 Qh5 26. Nf1 a4 27. Rxb7 a3 28. b4 Qe2 29. Rcc7 Bf7 30. e6 Rxe6 31. Qxd5 e3 32. Qxg5+ Rg6 33. Qxe3 Qxa2 34. Ra7 Qd5 35. g3 a2 36. Rd7 Qxd7 0-1

[Event "Aarhus-A"]
[Site "Aarhus"]
[Date "1984.??.??"]
[Round "7"]
[White "Pedersen, Karl"]
[Black "Knudsen, Per"]
[Result "0-1"]
[WhiteElo "2200"]
[BlackElo "2295"]
[PlyCount "76"]
[EventDate "1984.??.??"]
[Source "ChessBase"]

1. e4 e6 2. d4 d5 3. e5 c5 4. dxc5 Nc6 5. Nf3 Bxc5 6. Bf4 Qb6 7. Bg3 f6 8. c3 Qxb2 9. Nbd2 Nge7 10. Rb1 Qxc3 11. Rb3 Qa5 12. Bd3 f5 13. O-O Qd8 14. Ng5 O-O 15. h4 Qe8 16. Ndf3 a6 17. a4 Rb8 18. Qb1 Ba7 19. Bh2 Kh8 20. Rc1 Ng8 21. Bf4 Nh6 22. Qb2 Ng4 23. Rc2 h6 24. Nh3 Rf7 25. h5 Rc7 26. Qa3 Bd7 27. Bxf5 Qxh5 28. Bxg4 Qxg4 29. Qc1 Rf8 30. Bxh6 gxh6 31. Qxh6+ Kg8 32. Nhg5 Bc8 33. Nh4 Nxe5 34. Rb1 Rg7 35. Rxc8 Bxf2+ 36. Kf1 Rxc8 37. Qxg7+ Kxg7 38. Rxb7+ Kg8 0-1

[Event "OL BayMue1-Obernburg 1"]
[Site "?"]
[Date "1996.10.13"]
[Round "1.2"]
[White "Reich Thomas"]
[Black "Becker Thomas[70OBB"]
[Result "1/2-1/2"]
[WhiteElo "2335"]
[BlackElo "2160"]
[PlyCount "115"]
[EventDate "1996.??.??"]
[Source "www.chesslib.no"]
[SourceDate "2004.05.04"]

1. e4 e6 2. d4 d5 3. e5 c5 4. dxc5 Nc6 5. Nf3 Bxc5 6. Bd3 Nge7 7. Bf4 Nb4 8. O-O Nxd3 9. cxd3 Ng6 10. Be3 Be7 11. Nc3 O-O 12. Re1 Bd7 13. a4 Qa5 14. Qb3 Qb4 15. Qxb4 Bxb4 16. Rec1 a6 17. Kf1 Rac8 18. Na2 Be7 19. a5 f6 20. exf6 gxf6 21. Nc3 Bd6 22. g3 Ne7 23. Na4 Rxc1+ 24. Bxc1 e5 25. d4 Nf5 26. Be3 e4 27. Ne1 h5 28. Nb6 Bb5+ 29. Kg1 Bc6 30. Nc2 Kf7 31. Bd2 Rg8 32. Rd1 h4 33. Bb4 Bc7 34. Be1 Bxb6 35. axb6 Ba4 36. Rc1 Rc8 37. Bc3 Bxc2 38. g4 Nh6 39. Rxc2 Nxg4 40. Kg2 Nh6 41. Kh3 Nf5 42. Rd2 Rc6 43. Rd1 Rxb6 44. Kg4 Ne7 45. Kxh4 f5 46. Kh3 Rg6 47. Bd2 Nc6 48. Be3 Ke6 49. Rc1 Rg4 50. Rc3 Rg7 51. Rb3 f4 52. Bxf4 Nxd4 53. Rb6+ Nc6 54. Bg3 d4 55. Kg2 Kd5 56. Kf1 Na5 57. Rd6+ Kc5 58. b4+ 1/2-1/2

[Event "ARG-ch sf"]
[Site "?"]
[Date "1998.??.??"]
[Round "4"]
[White "Bibiloni Jorge Jaime"]
[Black "Reides Marcelo"]
[Result "1/2-1/2"]
[WhiteElo "2170"]
[BlackElo "2315"]
[PlyCount "49"]
[EventDate "1998.??.??"]
[Source "www.chesslib.no"]
[SourceDate "2004.05.04"]

1. e4 e6 2. d4 d5 3. e5 c5 4. dxc5 Nc6 5. Nf3 Bxc5 6. Bd3 f6 7. Qe2 fxe5 8. Nxe5 Nxe5 9. Qxe5 Nf6 10. Bb5+ Kf7 11. O-O Qb6 12. Nc3 Rf8 13. Bg5 Kg8 14. Qe2 a6 15. Bd3 Bd7 16. Nd1 Rae8 17. Ne3 Bc6 18. c4 d4 19. Ng4 Nxg4 20. Qxg4 e5 21. f3 Qc7 22. Rae1 Bd7 23. Qe4 Bf5 24. Qd5+ Kh8 25. Bxf5 1/2-1/2

[Event "It (open)"]
[Site "Dortmund (Germany)"]
[Date "2007.06.27"]
[Round "5"]
[White "Torres Kuckel Rafael (GER)"]
[Black "Schlierkamp Ferdin (GER)"]
[Result "1-0"]
[WhiteElo "2250"]
[BlackElo "2229"]
[PlyCount "65"]
[EventDate "2007.??.??"]
[Source "www.chesslib.no"]
[SourceDate "2004.05.04"]

1. e4 e6 2. d4 d5 3. e5 c5 4. dxc5 Bxc5 5. Bd3 Qb6 6. Qe2 Nc6 7. c3 Bd7 8. Nf3 a5 9. a4 Nge7 10. Na3 Ng6 11. O-O O-O 12. Bg5 Ncxe5 13. Nxe5 Nxe5 14. Bc2 f6 15. Bc1 Rae8 16. Kh1 Ng6 17. f4 e5 18. Bxg6 hxg6 19. Qd3 Qe6 20. Nc2 e4 21. Qe2 Qb6 22. Be3 Bxe3 23. Nxe3 Bc6 24. Rfd1 Rd8 25. Rd4 Rd7 26. Rad1 Rfd8 27. h3 Qb3 28. Qg4 Kf7 29. R1d2 Qb6 30. c4 f5 31. Qd1 Qb4 32. cxd5 Bxa4 33. Qxa4 1-0

[Event "Open"]
[Site "?"]
[Date "1996.??.??"]
[Round "7"]
[White "Crouch Colin S"]
[Black "Avetisian Marine"]
[Result "1-0"]
[WhiteElo "2380"]
[BlackElo "2085"]
[PlyCount "65"]
[EventDate "1996.??.??"]
[Source "www.chesslib.no"]
[SourceDate "2004.05.04"]

1. d4 e6 2. e4 d5 3. e5 c5 4. dxc5 Bxc5 5. Qg4 g6 6. Nf3 Qb6 7. Qg3 Nc6 8. c3 a5 9. Bd3 Nge7 10. O-O h6 11. Nbd2 Nf5 12. Qh3 Qc7 13. Nb3 Bf8 14. g4 Nfe7 15. Nbd4 Nxe5 16. Nb5 Nxf3+ 17. Qxf3 Qb8 18. Qf6 Rg8 19. Bf4 Bg7 20. Bxb8 Bxf6 21. Nc7+ Kf8 22. Nxa8 e5 23. Nb6 Bxg4 24. Bd6 Be6 25. c4 e4 26. cxd5 Bh3 27. Bxe4 Bxf1 28. Nd7+ Kg7 29. Nxf6 Kxf6 30. Kxf1 Nxd5 31. Rd1 Nb6 32. Bc5 Ke5 33. Bxb7 1-0

[Event "Novosibirsk op"]
[Site "Novosibirsk"]
[Date "2001.07.27"]
[Round "9"]
[White "Bibko, Ivan"]
[Black "Kuznetsov, Yakov"]
[Result "0-1"]
[WhiteElo "2208"]
[BlackElo "2254"]
[PlyCount "120"]
[EventDate "2001.07.18"]
[Source "ChessBase"]
[SourceDate "2001.09.11"]

1. e4 e6 2. d4 d5 3. e5 c5 4. dxc5 Bxc5 5. Nf3 Nc6 6. Bd3 f6 7. exf6 Nxf6 8. O-O e5 9. c4 dxc4 10. Bxc4 Qxd1 11. Rxd1 Bg4 12. Bg5 Bxf2+ 13. Kxf2 Ne4+ 14. Ke3 Nxg5 15. Nc3 Bxf3 16. gxf3 Nd4 17. Rac1 Rf8 18. Bd5 Rd8 19. Rg1 Nf5+ 20. Ke2 Nh3 21. Rgd1 Nd4+ 22. Ke3 Ng5 23. Rg1 Nh3 24. Rgd1 Rd7 25. b4 Ng5 26. Rf1 Rf4 27. b5 Nf5+ 28. Ke2 Nd4+ 29. Ke3 Nf5+ 30. Ke2 Rh4 31. Rh1 Rb4 32. Rb1 Rd4 33. Rbd1 Ne7 34. Bb3 Nf5 35. Bd5 Nh3 36. Be4 Nf4+ 37. Kf2 Nh3+ 38. Ke2 Nf4+ 39. Kf2 Nd6 40. Bxh7 Nxb5 41. Rxd4 Nxd4 42. Be4 Rc7 43. Nd5 Nxd5 44. Bxd5 Ke7 45. h4 Rc2+ 46. Ke3 b5 47. h5 Kd6 48. Bg8 Nf5+ 49. Kd3 Rf2 50. Rh3 Ne7 51. Bf7 Nf5 52. Ke4 Nh6 53. Bd5 Rd2 54. Bb3 a5 55. Ke3 Rb2 56. Kd3 a4 57. Kc3 Rf2 58. Bc2 Ng8 59. Bg6 Nf6 60. Kb4 Rb2+ 0-1

[Event "Decin op-A"]
[Site "?"]
[Date "1998.??.??"]
[Round "5"]
[White "Karlovich Anastazia"]
[Black "Kubala Martin"]
[Result "0-1"]
[WhiteElo "2165"]
[BlackElo "2295"]
[PlyCount "80"]
[EventDate "1998.??.??"]
[Source "www.chesslib.no"]
[SourceDate "2004.05.04"]

1. e4 e6 2. d4 d5 3. e5 c5 4. dxc5 Nc6 5. Nf3 Qc7 6. Bf4 Nge7 7. Bb5 Ng6 8. Bg3 Bxc5 9. O-O O-O 10. Re1 Qb6 11. Bd3 Qxb2 12. Nbd2 Nb4 13. Rb1 Qa3 14. Bf1 Nxa2 15. Rb3 Qa5 16. Qa1 b6 17. Qb2 Bb4 18. Ra1 Bc3 19. Rxa2 Bxb2 20. Rxa5 bxa5 21. Rxb2 a4 22. Nd4 Bd7 23. Rb7 Rfd8 24. h4 Rab8 25. Rc7 Rb4 26. N2f3 a3 27. Nb3 a2 28. Rxa7 Ra4 29. Rb7 a1=Q 30. Nxa1 Rxa1 31. h5 Nf8 32. Nd4 Rda8 33. f4 Bc8 34. Rb3 Rd1 35. Rd3 Raa1 36. Rxd1 Rxd1 37. Ne2 Ba6 38. Kf2 Nd7 39. Bh4 Nc5 40. Ng3 Ne4+ 0-1

[Event "Bled ol (Men)"]
[Site "?"]
[Date "2002.10.27"]
[Round "2"]
[White "Gallego Martinez Ruben"]
[Black "Mawed Moussa"]
[Result "1-0"]
[WhiteElo "2269"]
[BlackElo "2186"]
[PlyCount "77"]
[EventDate "2002.??.??"]
[Source "www.chesslib.no"]
[SourceDate "2004.05.04"]

1. e4 e6 2. d4 d5 3. e5 c5 4. dxc5 Nc6 5. Nf3 Bxc5 6. Bd3 f6 7. Qe2 fxe5 8. Nxe5 Nxe5 9. Qxe5 Nf6 10. O-O O-O 11. c4 Bd6 12. Qe2 Bd7 13. Nc3 Qc7 14. h3 Rac8 15. cxd5 exd5 16. Bg5 Rce8 17. Qd2 d4 18. Bxf6 gxf6 19. Nb5 Bxb5 20. Bxb5 Re5 21. Rac1 Rc5 22. Rxc5 Qxc5 23. Bd3 Qe5 24. g3 Qg5 25. Qe2 Qe5 26. Qf3 b6 27. Rc1 Kg7 28. Kg2 Bc5 29. Rc2 f5 30. Re2 Qf6 31. Bc4 Qg5 32. Qb7+ Kh8 33. f4 Qg7 34. Qd5 h5 35. h4 Qg4 36. Re6 Qg7 37. Qf3 d3 38. Qxh5+ Kg8 39. Re8+ 1-0

[Event "ch-POR"]
[Site "?"]
[Date "1998.08.28"]
[Round "9"]
[White "Fernando Diogo"]
[Black "Parcerias Pedro"]
[Result "1-0"]
[WhiteElo "2185"]
[BlackElo "2255"]
[PlyCount "91"]
[EventDate "1998.??.??"]
[Source "www.chesslib.no"]
[SourceDate "2004.05.04"]

1. e4 e6 2. d4 d5 3. e5 c5 4. dxc5 Nc6 5. Nf3 Bxc5 6. Bd3 f6 7. Qe2 Nxe5 8. Nxe5 fxe5 9. Qh5+ Ke7 10. Qxe5 Nf6 11. O-O Rf8 12. Nd2 Kf7 13. Nf3 Kg8 14. Bg5 Bd6 15. Qe2 Qc7 16. Rfe1 Bd7 17. Bh4 e5 18. Nxe5 Rae8 19. Bxf6 Rxf6 20. Nxd7 Rxe2 21. Nxf6+ gxf6 22. Rxe2 Bxh2+ 23. Kf1 Be5 24. c3 Qd7 25. Re3 d4 26. cxd4 Bxd4 27. Rg3+ Kf8 28. Rb1 Qc7 29. b3 Qf4 30. Rf3 Qd2 31. Bxh7 Qxa2 32. g3 a5 33. Kg2 b5 34. Rd1 Qb2 35. Rdd3 a4 36. bxa4 bxa4 37. Rf4 Bc5 38. Rxa4 Qxf2+ 39. Kh3 f5 40. Rf4 Qg1 41. Bxf5 Ke7 42. Kg4 Bf2 43. Re4+ Kf8 44. Bd7 Kg7 45. Ba4 Kf6 46. Rf3+ 1-0

[Event "It (Open) Gibraltar ENG"]
[Site "?"]
[Date "2006.01.27"]
[Round "4"]
[White "Quillan Gary"]
[Black "Obers Frits"]
[Result "1-0"]
[WhiteElo "2356"]
[BlackElo "2080"]
[PlyCount "37"]
[EventDate "2006.??.??"]
[Source "www.chesslib.no"]
[SourceDate "2004.05.04"]

1. e4 e6 2. d4 d5 3. e5 c5 4. dxc5 Bxc5 5. Bd3 Ne7 6. Bf4 Nbc6 7. Nf3 Qb6 8. O-O Ng6 9. Qc1 Bd7 10. a3 a5 11. Nc3 Nd4 12. Ng5 h6 13. Nh3 a4 14. Bg3 O-O 15. Rb1 Rac8 16. Qd1 f5 17. exf6 Rxf6 18. Qg4 Be8 19. Nxd5 1-0

[Event "EU Ch U16"]
[Site "EU-ch U16 Zagan"]
[Date "1995.??.??"]
[Round "10"]
[White "Antoniewski, Rafal"]
[Black "Williams, Simon"]
[Result "1/2-1/2"]
[WhiteElo "2200"]
[BlackElo "2225"]
[PlyCount "78"]
[EventDate "1995.??.??"]
[Source "www.chesslib.no"]
[SourceDate "2004.05.04"]

1. e4 e6 2. d4 d5 3. e5 c5 4. dxc5 Nd7 5. Nf3 Ne7 6. Bd3 Nxc5 7. O-O Bd7 8. Nc3 Nxd3 9. Qxd3 Nc6 10. Bg5 Be7 11. Bxe7 Qxe7 12. Ne2 Nb4 13. Qb3 Bb5 14. Nfd4 Bxe2 15. Nxe2 O-O 16. a3 Nc6 17. f4 Rac8 18. Qd3 Qc5+ 19. Kh1 Ne7 20. Nd4 Qc4 21. Qd2 Nc6 22. Nf3 b6 23. Rad1 Na5 24. c3 Nb3 25. Qe3 Qe4 26. Rfe1 Qxe3 27. Rxe3 g6 28. Kg1 Rc4 29. g3 Rfc8 30. Kf2 a5 31. Nd2 Nxd2 32. Rxd2 b5 33. Red3 Kf8 34. Rd4 h5 35. Ke3 Ke7 36. Rxc4 bxc4 37. Kd4 Kd7 38. a4 Kc6 39. h4 Kd7 1/2-1/2

[Event "CZE-chT2 9899"]
[Site "?"]
[Date "1998.??.??"]
[Round "?"]
[White "Vltavsky Vladimir"]
[Black "Hrubant Ivan"]
[Result "1-0"]
[WhiteElo "2260"]
[BlackElo "2165"]
[PlyCount "83"]
[EventDate "1998.??.??"]
[Source "www.chesslib.no"]
[SourceDate "2004.05.04"]

1. e4 e6 2. d4 d5 3. e5 c5 4. dxc5 Nc6 5. Nf3 Bxc5 6. Bd3 Nge7 7. O-O Ng6 8. Qe2 Bd7 9. c3 Qc7 10. Re1 O-O-O 11. b4 Be7 12. Na3 f6 13. Nb5 Qb8 14. Bxg6 hxg6 15. Bf4 g5 16. exf6 Qxf4 17. fxe7 Nxe7 18. g3 Qf6 19. Nbd4 Nc6 20. Nxc6 bxc6 21. Ne5 Qh6 22. f3 Rdf8 23. Qa6+ Kd8 24. Re2 Rf5 25. Qxa7 Rxe5 26. Qb8+ Ke7 27. Qxe5 Rf8 28. Qe3 Rf5 29. a4 Qf6 30. Kg2 Kd6 31. a5 e5 32. Rd1 Bc8 33. Qc5+ Kc7 34. Qb6+ Kd6 35. b5 Bd7 36. Qb8+ Ke7 37. bxc6 Bxc6 38. Qc7+ Kf8 39. Rb1 d4 40. Rb8+ Be8 41. cxd4 Rxf3 42. Qxe5 1-0

[Event "Rimavska Sobota (Slovakia)"]
[Site "?"]
[Date "1996.??.??"]
[Round "4"]
[White "Stiri Alexandra"]
[Black "Aksionova Tatiana"]
[Result "1-0"]
[WhiteElo "2201"]
[BlackElo "2219"]
[PlyCount "119"]
[EventDate "1996.??.??"]
[Source "www.chesslib.no"]
[SourceDate "2004.05.04"]

1. e4 e6 2. d4 d5 3. e5 c5 4. dxc5 Bxc5 5. Qg4 Kf8 6. Bd3 Nc6 7. Nf3 Qc7 8. Qg3 Nb4 9. O-O Ne7 10. a3 Nxd3 11. cxd3 Bd7 12. Nc3 Nf5 13. Qf4 Rc8 14. g4 Ne7 15. Ng5 Ke8 16. Qxf7+ Kd8 17. Nxe6+ Bxe6 18. Qxe6 Qd7 19. Qxd7+ Kxd7 20. Re1 Ke6 21. Kg2 Rhf8 22. f4 g6 23. Bd2 Nc6 24. b4 Bd4 25. Rf1 a6 26. Rac1 b5 27. Rc2 Bb6 28. Ne2 Rf7 29. Rfc1 Rfc7 30. Rc3 Kd7 31. Kg3 Re8 32. Ng1 Bd4 33. R3c2 Bb6 34. Nf3 h6 35. g5 h5 36. Nh4 Re6 37. Nf3 Re8 38. Re1 Rcc8 39. Be3 Bxe3 40. Rxe3 Ne7 41. Ree2 Nf5+ 42. Kf2 Rf8 43. e6+ Kd6 44. Rxc8 Rxc8 45. Ne5 Nd4 46. Re1 Nxe6 47. Nxg6 Rc7 48. h4 Rf7 49. Ke3 Rf5 50. Rf1 Kd7 51. Ne5+ Ke8 52. Nc6 Kf7 53. Nd4 Nxd4 54. Kxd4 Ke6 55. Ke3 Rf8 56. Kd4 Kf5 57. Rg1 Rg8 58. g6 Rg7 59. Kxd5 Kxf4 60. Ke6 1-0

[Event "Netanya-B"]
[Site "Netanya"]
[Date "1973.??.??"]
[Round "6"]
[White "Agur, Elieser"]
[Black "Lederman, Leon"]
[Result "1/2-1/2"]
[WhiteElo "2200"]
[BlackElo "2200"]
[PlyCount "93"]
[EventDate "1973.??.??"]
[Source "ChessBase"]

1. e4 e6 2. d4 d5 3. e5 c5 4. dxc5 Nc6 5. Nf3 Bxc5 6. Bd3 Qb6 7. O-O Nge7 8. Bf4 Qxb2 9. Nbd2 Qb6 10. c4 Nb4 11. Be2 O-O 12. a3 Nbc6 13. Bd3 Ng6 14. Bg3 Rd8 15. Qe2 Nd4 16. Nxd4 Bxd4 17. Rab1 Qc7 18. Rfc1 Qe7 19. Nf3 dxc4 20. Rxc4 Bb6 21. Bxg6 hxg6 22. Bh4 Qxa3 23. Bxd8 Bxd8 24. Qc2 Bd7 25. Rxb7 Be8 26. h3 Qa6 27. Qe4 Bb6 28. Ng5 Rd8 29. Rc1 Qb5 30. Rcc7 Qb2 31. Qf4 Bxf2+ 32. Kh2 Qd4 33. Rxf7 Qxf4+ 34. Rxf4 Be3 35. Rxg7+ Kxg7 36. Nxe6+ Kh7 37. Rh4+ Kg8 38. Nxd8 Bg5 39. Rd4 a5 40. Ne6 Be7 41. Nf4 Bc6 42. Rc4 Bb7 43. Ra4 Bb4 44. Ne6 Bc6 45. Ra1 Bc3 46. Rc1 Bxe5+ 47. Kg1 1/2-1/2

[Event "Caorle Open"]
[Site "Caorle ITA"]
[Date "1982.??.??"]
[Round "4"]
[White "Petit Bon, Ivan"]
[Black "Bukal, Vladimir sr"]
[Result "0-1"]
[WhiteElo "2000"]
[BlackElo "2380"]
[PlyCount "90"]
[EventDate "1982.07.??"]
[Source "www.chesslib.no"]
[SourceDate "2004.05.04"]

1. e4 e6 2. d4 d5 3. e5 c5 4. dxc5 Nc6 5. Nf3 Bxc5 6. Bd3 f6 7. Qe2 fxe5 8. Nxe5 Nf6 9. Nd2 Nxe5 10. Qxe5 Bxf2+ 11. Kd1 O-O 12. Nf3 Bc5 13. h3 Ne4 14. Rf1 Rf5 15. Qh2 Qf6 16. h4 Bd7 17. Qc7 Bc6 18. Rb1 Bb6 19. Qh2 h6 20. Bd2 Rc8 21. Qh3 Rf8 22. Bb4 Rf7 23. Bd2 e5 24. Be1 Rf4 25. Qc8+ Rf8 26. Qh3 Nc5 27. Be2 e4 28. Bc3 exf3 29. Bxf6 fxe2+ 30. Kxe2 Bb5+ 31. Ke3 Rxf1 32. Rxf1 Nb3+ 33. Kf4 Rxf6+ 34. Ke5 Bc7+ 35. Kxd5 Rd6+ 36. Ke4 Nd2+ 37. Ke3 Nxf1+ 38. Kf2 Bb6+ 39. Ke1 Ne3 40. Qc8+ Kh7 41. Kf2 Rc6 42. Qxb7 Rxc2+ 43. Kg1 Bc6 44. Qe7 Rxg2+ 45. Kh1 Rg6+ 0-1

[Event "CZE-chT2 9899"]
[Site "?"]
[Date "1999.??.??"]
[Round "?"]
[White "Vyhnalek Bohuslav"]
[Black "Masek Miroslav"]
[Result "1-0"]
[WhiteElo "2220"]
[BlackElo "2160"]
[PlyCount "109"]
[EventDate "1999.??.??"]
[Source "www.chesslib.no"]
[SourceDate "2004.05.04"]

1. e4 e6 2. d4 d5 3. e5 c5 4. dxc5 Nc6 5. Nf3 Bxc5 6. Bd3 Bd7 7. O-O Rc8 8. c3 a6 9. Bf4 Nge7 10. Nbd2 h6 11. Nb3 Ba7 12. h4 Na5 13. Nbd4 Nc4 14. Qe2 Nc6 15. g3 Nxd4 16. Nxd4 b5 17. Qg4 g5 18. hxg5 hxg5 19. Bxc4 gxf4 20. Bd3 b4 21. Bxa6 bxc3 22. Bxc8 Qxc8 23. Qxf4 cxb2 24. Rab1 Qc3 25. Rfd1 Rh5 26. Qe3 Bxd4 27. Rxd4 Qc2 28. Rdd1 Kf8 29. Qd3 Ba4 30. Qxc2 Bxc2 31. f4 f6 32. exf6 Kf7 33. Re1 Bxb1 34. Rxb1 Kxf6 35. Rxb2 d4 36. Kg2 Rd5 37. Kf3 d3 38. Rd2 Ra5 39. Ke4 Ra4+ 40. Kf3 e5 41. Ke3 e4 42. g4 Ke6 43. Rb2 Kd5 44. g5 Ke6 45. Rb5 Rxa2 46. Re5+ Kf7 47. Rxe4 Ra3 48. Rd4 d2+ 49. Kxd2 Ke6 50. Rd3 Ra5 51. Ke3 Kf5 52. Kf3 Rb5 53. Re3 Rb1 54. Re5+ Kg6 55. Re6+ 1-0

[Event "EU-chT U18 Girls"]
[Site "Balatonlelle"]
[Date "2000.07.09"]
[Round "1"]
[White "Karlovich, Anastazia"]
[Black "Miron, Oana"]
[Result "1-0"]
[WhiteElo "2273"]
[BlackElo "2103"]
[PlyCount "55"]
[EventDate "2000.07.09"]
[Source "ChessBase"]
[SourceDate "2000.09.14"]

1. e4 e6 2. d4 d5 3. e5 c5 4. dxc5 Bxc5 5. Qg4 Bf8 6. Nf3 Nc6 7. Bd3 Nge7 8. O-O Ng6 9. Re1 Nb4 10. Nc3 Nxd3 11. cxd3 Bd7 12. Be3 Be7 13. a4 O-O 14. Qh5 Qa5 15. Ng5 Bxg5 16. Bxg5 Qb4 17. Qe2 Rac8 18. Bd2 Qb6 19. a5 Qc7 20. g3 Ne7 21. Na4 Nc6 22. Rac1 Qd8 23. Nc5 Rb8 24. Qg4 Ne7 25. Bg5 Re8 26. Bf6 g6 27. Qg5 Bc6 28. g4 1-0

[Event "Halle (Saale)(24.10.-05.11)"]
[Site "?"]
[Date "2004.10.29"]
[Round "6"]
[White "Bylino Oleg"]
[Black "Lieb Harald"]
[Result "0-1"]
[WhiteElo "2155"]
[BlackElo "2217"]
[PlyCount "54"]
[EventDate "2004.??.??"]
[Source "www.chesslib.no"]
[SourceDate "2004.05.04"]

1. e4 e6 2. d4 d5 3. e5 c5 4. dxc5 Nc6 5. Nf3 Bxc5 6. Bd3 f6 7. exf6 Nxf6 8. O-O O-O 9. Qe2 Bd6 10. c4 Nb4 11. Nc3 d4 12. Ne4 Nxd3 13. Qxd3 e5 14. Bg5 Kh8 15. Nxd6 Qxd6 16. Rfe1 Re8 17. Bh4 Bg4 18. Ng5 Qd7 19. f3 Bf5 20. Qd2 h6 21. Nh3 g5 22. Bg3 e4 23. Rad1 Rad8 24. Qa5 b6 25. Qb5 Qxb5 26. cxb5 e3 27. Rxd4 Rxd4 0-1

[Event "Stulik mem"]
[Site "?"]
[Date "2001.05.03"]
[Round "4"]
[White "Janacek Jaroslav"]
[Black "Masek Miroslav"]
[Result "0-1"]
[WhiteElo "2150"]
[BlackElo "2215"]
[PlyCount "48"]
[EventDate "2001.??.??"]
[Source "www.chesslib.no"]
[SourceDate "2004.05.04"]

1. e4 e6 2. d4 d5 3. e5 c5 4. dxc5 Nc6 5. Nf3 Bxc5 6. Bd3 Bd7 7. c3 f6 8. Bf4 g5 9. Nxg5 fxg5 10. Qh5+ Kf8 11. Bxg5 Be7 12. f4 Qb6 13. Bxh7 Qe3+ 14. Kd1 Bxg5 15. fxg5 Qd3+ 16. Bxd3 Rxh5 17. h4 Nxe5 18. Be2 Rh8 19. Nd2 Ne7 20. Kc2 Nf5 21. Raf1 Kg7 22. Rxf5 exf5 23. Nb3 Ba4 24. h5 Bxb3+ 0-1

[Event "Foment Open"]
[Site "Foment"]
[Date "1994.??.??"]
[Round "?"]
[White "Lillo Ferrer, Josep Maria"]
[Black "Ferran Biosca, Robert"]
[Result "1/2-1/2"]
[WhiteElo "2180"]
[BlackElo "2185"]
[PlyCount "81"]
[EventDate "1994.??.??"]
[Source "www.chesslib.no"]
[SourceDate "2004.05.04"]

1. e4 e6 2. d4 d5 3. e5 c5 4. dxc5 Nc6 5. Nf3 Bxc5 6. Bd3 Nge7 7. Bf4 Qb6 8. O-O Ng6 9. Bxg6 hxg6 10. Nbd2 Bd7 11. Nb3 Be7 12. Re1 Rc8 13. Qd2 Qb4 14. c3 Qc4 15. Nbd4 Nxd4 16. Nxd4 Rh5 17. Bg3 Bb5 18. Rad1 Ba6 19. a3 Qa4 20. Qc2 Qxc2 21. Nxc2 Bc4 22. Nd4 a5 23. Bf4 a4 24. f3 Kd7 25. g4 Rhh8 26. Kg2 Ra8 27. Re3 Ra6 28. Ree1 Rb6 29. Rd2 Rc8 30. Be3 Bc5 31. Bf2 Ra6 32. Be3 Rb6 33. Bf2 Ra6 34. Be3 Ba7 35. Bf2 Bb6 36. Be3 Ba2 37. Ra1 Bb3 38. Re1 Rc4 39. Bf2 Bc5 40. Be3 Rb6 41. Bf2 1/2-1/2

[Event "Slovaquie (championnat equipes)"]
[Site "?"]
[Date "2003.11.29"]
[Round "26.6"]
[White "Profant Tibor"]
[Black "Lednicky Martin"]
[Result "1-0"]
[WhiteElo "2218"]
[BlackElo "2141"]
[PlyCount "85"]
[EventDate "2003.??.??"]
[Source "www.chesslib.no"]
[SourceDate "2004.05.04"]

1. e4 e6 2. d4 d5 3. e5 c5 4. dxc5 Qc7 5. Nf3 Nd7 6. Bb5 Bxc5 7. O-O Ne7 8. Qe2 Nc6 9. Bf4 O-O 10. Nbd2 Nd4 11. Nxd4 Bxd4 12. Bxd7 Bxd7 13. c3 Bc5 14. Qg4 Bb5 15. Rfe1 Bd3 16. Qf3 Bg6 17. h4 Qb6 18. b4 Be7 19. h5 Bf5 20. g4 Bc2 21. Rac1 Ba4 22. Be3 Qd8 23. Qg3 Bh4 24. Qh3 f5 25. Nf3 fxg4 26. Qxg4 Rxf3 27. Qxf3 Rc8 28. Qg4 Rc4 29. Bd4 Qg5 30. Qxg5 Bxg5 31. Be3 Rg4+ 32. Kh2 Bxe3 33. Rxe3 Rh4+ 34. Kg3 Rxh5 35. f4 g5 36. Rf1 gxf4+ 37. Rxf4 Rg5+ 38. Kh4 Rg6 39. Ref3 Bc6 40. Kh5 Kh8 41. Rf8+ Rg8 42. Kh6 b6 43. R3f7 1-0

[Event "Gross Gerau op 3rd"]
[Site "?"]
[Date "2000.09.30"]
[Round "3"]
[White "Villing Dieter"]
[Black "Schmitz Manuela"]
[Result "1-0"]
[WhiteElo "2252"]
[BlackElo "2102"]
[PlyCount "79"]
[EventDate "2000.??.??"]
[Source "www.chesslib.no"]
[SourceDate "2004.05.04"]

1. e4 e6 2. d4 d5 3. e5 c5 4. dxc5 Qc7 5. Nf3 Nc6 6. Bb5 Bxc5 7. O-O Bd7 8. Qe2 Nge7 9. Bf4 a6 10. Bd3 Nb4 11. Nbd2 Nxd3 12. cxd3 Ng6 13. Be3 Bxe3 14. Qxe3 O-O 15. Rfc1 Qd8 16. Nb3 Qe7 17. Rc7 Rfc8 18. Rac1 b5 19. g3 Qd8 20. Qb6 Rcb8 21. Qd6 Be8 22. Nc5 Rc8 23. Nxe6 Rxc7 24. Nxc7 Qxd6 25. exd6 Rc8 26. Rc5 a5 27. d4 Nf8 28. Nxd5 Rd8 29. Ne7+ Kh8 30. Ne5 f6 31. Nd3 Ne6 32. Rc8 Rxc8 33. Nxc8 Nxd4 34. Nc5 Nf3+ 35. Kf1 Ne5 36. Nb6 Bc6 37. d7 Nf7 38. Ne6 Kg8 39. d8=Q+ Nxd8 40. Nxd8 1-0

[Event "Cup Russia Open"]
[Site "?"]
[Date "2000.??.??"]
[Round "2"]
[White "Nikulin Pavel"]
[Black "Postnova Ekaterina"]
[Result "1-0"]
[WhiteElo "2093"]
[BlackElo "2239"]
[PlyCount "49"]
[EventDate "2000.??.??"]
[Source "www.chesslib.no"]
[SourceDate "2004.05.04"]

1. e4 e6 2. d4 d5 3. e5 c5 4. dxc5 Bxc5 5. Qg4 Ne7 6. b4 h5 7. Qxg7 Rg8 8. Qh7 Bxb4+ 9. c3 Bc5 10. Nh3 d4 11. Ng5 Rf8 12. Ne4 Qc7 13. Bh6 Qxe5 14. Bg7 f6 15. Be2 dxc3 16. Nbxc3 Bd4 17. Bxh5+ Kd8 18. O-O-O Nd7 19. Bxf8 Nxf8 20. Qh8 Nc6 21. Qxf8+ Kc7 22. Qd6+ Qxd6 23. Nb5+ Kb6 24. Nbxd6 Be5 25. Nc4+ 1-0

[Event "CZE-chT2 9899"]
[Site "?"]
[Date "1998.??.??"]
[Round "?"]
[White "Vyhnalek Bohuslav"]
[Black "Sykora Robert"]
[Result "1/2-1/2"]
[WhiteElo "2220"]
[BlackElo "2110"]
[PlyCount "123"]
[EventDate "1998.??.??"]
[Source "www.chesslib.no"]
[SourceDate "2004.05.04"]

1. e4 e6 2. d4 d5 3. e5 c5 4. dxc5 Nc6 5. Nf3 Bxc5 6. Bd3 Nb4 7. O-O Nxd3 8. Qxd3 Bd7 9. Be3 Qb6 10. Bxc5 Qxc5 11. Nd4 Ne7 12. Nd2 Rc8 13. c3 a6 14. Qg3 O-O 15. Rfe1 b5 16. a3 a5 17. N2f3 Qb6 18. Qh4 Ng6 19. Qg4 Rc4 20. Re3 Qd8 21. Ng5 h6 22. Nxf7 Kxf7 23. Rf3+ Kg8 24. Qxg6 Rxf3 25. Nxf3 b4 26. axb4 axb4 27. Nd4 bxc3 28. bxc3 Rxc3 29. Nxe6 Qe7 30. Ra8+ Rc8 31. Rxc8+ Bxc8 32. Nd4 Qxe5 33. Qd3 Qe1+ 34. Qf1 Qc3 35. Qd1 Ba6 36. h3 Bd3 37. Qg4 Qe1+ 38. Kh2 Qe5+ 39. Kg1 Qe1+ 40. Kh2 Qe5+ 41. g3 Be4 42. Qd1 Kh7 43. Qd2 h5 44. h4 Qf6 45. Qe3 Qb6 46. Qc3 Qf6 47. Qd2 Qb6 48. f3 Bg6 49. Kg2 Qb1 50. Ne6 Qf5 51. Ng5+ Kg8 52. Qb2 Qc2+ 53. Qxc2 Bxc2 54. Kf2 Kf8 55. Ke3 Ke7 56. Kd4 Kd6 57. Nf7+ Ke6 58. Ne5 Bd1 59. f4 Be2 60. Ke3 Bd1 61. Kd4 Be2 62. Ke3 1/2-1/2

[Event "07sen.Kurpfalz op"]
[Site "?"]
[Date "2001.10.02"]
[Round "3"]
[White "Villing Dieter"]
[Black "Seyffer Guenther"]
[Result "1/2-1/2"]
[WhiteElo "2252"]
[BlackElo "2068"]
[PlyCount "32"]
[EventDate "2001.??.??"]
[Source "www.chesslib.no"]
[SourceDate "2004.05.04"]

1. e4 e6 2. d4 d5 3. e5 c5 4. dxc5 Nc6 5. Nf3 Bxc5 6. Bd3 h6 7. O-O Nge7 8. Bf4 g5 9. Bg3 Nf5 10. Nc3 Nxg3 11. hxg3 a6 12. Re1 b5 13. a3 Qb6 14. Qd2 Bd7 15. b4 Be7 16. Rad1 g4 1/2-1/2